书目信息 |
| 题名: |
FrontPage98制作实例
|
|
| 作者: | 崔伟编著 | |
| 分册: | ||
| 出版信息: | 北京 人民邮电出版社 1998.12 |
|
| 页数: | 315页 | |
| 开本: | 16开 | |
| 丛书名: | 计算机编程及制作实例丛书 | |
| 单 册: | ||
| 中图分类: | TP314-5 | |
| 科图分类: | ||
| 主题词: | 软件 | |
| 电子资源: | ||
| ISBN: | 7-115-07524-7 | |
| 000 | 00601nam0 2200205 45 | |
| 001 | 9911301546 | |
| 005 | 19991130153953.7 | |
| 010 | @a7-115-07524-7@d28.00 | |
| 100 | @a19991130d1998 km y0chiy0120 ea | |
| 101 | @achi | |
| 105 | @a z 000yy | |
| 200 | 1 | @aFrontPage98制作实例@AFrontPage98 Zhi Zuo Shi Li@f崔伟编著@FCui Wei Bian Zhu |
| 210 | @a北京@c人民邮电出版社@d1998.12 | |
| 215 | @a315页@c图表@d16开 | |
| 225 | 2 | @a计算机编程及制作实例丛书 |
| 300 | @a附录:HTML语言简介 | |
| 606 | 0 | @a软件 |
| 690 | @aTP314-5@v3 | |
| 801 | @aCN@bPerfectUser@c19991130 | |
| 905 | @aBZT@b65958-959@f2@dTP314-5@e1 | |
| FrontPage98制作实例/崔伟编著.-北京:人民邮电出版社,1998.12 |
| 315页:图表;16开.-(计算机编程及制作实例丛书) |
| 附录:HTML语言简介 |
| ISBN 7-115-07524-7:28.00 |
| ● |
| 相关链接 |
|
|
|
正题名:FrontPage98制作实例
索取号:TP314-5/1
 
预约/预借
| 序号 | 登录号 | 条形码 | 馆藏地/架位号 | 状态 | 备注 |
| 1 | 65958 | 200392529 | 中心书库中库/ 中库027架B面6列3层34/ [索取号:TP314-5/1] | 在馆 | |
| 2 | 65959 | 200376191 | 中心书库中库/ 中库027架B面6列3层35/ [索取号:TP314-5/1] | 在馆 |